000 00643nam a22002057a 4500
999 _c13864
_d13864
003 AR-CdUCM
008 190416b ||||| |||| 00| 0 spa d
040 _aMUNICIPALIDAD PROVINCIAL DEL CUSCO
_cBIBLIOTECA MUNICIPAL DEL CUSCO
082 _aC / 332.11 /
_bV78
100 _aVizcarra, Julio A.
_916673
245 _aLa banca central /
260 _aCusco :
_bEl Comercio,
_c1969.
300 _a117 páginas ;
_c21 cm.
505 _aContenido: Antecedentes -- La ley vigente -- El directorio.
650 _aBancos centrales
_932455
650 _aPerú
_935
650 _aFinancias
_932456
942 _2ddc
_cLIBROS
945 _aachl
_d2019-04-16